banner-ar

الشعراوى000 مفكرآ / (Record no. 5857)

MARC details
000 -الفاتح
حقل البيانات ثابتة الطول 00632nam a2200193Ia 4500
008 - عناصر البيانات ثابتة الطول - معلومات عامة
حقل البيانات ثابتة الطول 140319s9999 xx 000 0 ara d
020 ## - الرقم الدولى المعيارى للكتب
الرقم الدولى المعيارى للكتاب 8123335977
040 ## - مصدر الفهرسة
وكالة الفهرسة الأصلية GCL /
وكالة النسخ GCL
082 04 - رقم تصنيف ديوى العشرى
رقم التصنيف 214
رقم المادة م ش
100 1# - المدخل الرئيسى - إسم شخصى
الإسم الشخصى محمود مهدى
245 10 - بيان العنوان
العنوان الشعراوى000 مفكرآ /
بيان المسئوليه,etc محمود مهدى
260 ## - PUBLICATION, DISTRIBUTION, ETC. (IMPRINT)
تاريخ النشر أو التوزيع 2003
300 ## - الوصف المادى
التعداد 165 ص ؛
أبعاد الوعاء 20 سم
650 04 - المدخل الاضافى بالموضوع-مصطلح موضوعى
مصطلح موضوعي الثقافة الاسلامية
650 04 - المدخل الاضافى بالموضوع-مصطلح موضوعى
مصطلح موضوعي الاسلام والفلسفة
650 04 - المدخل الاضافى بالموضوع-مصطلح موضوعى
مصطلح موضوعي محمد متولى الشعراوى
942 ## - عناصر المدخل الإضافي( كوها)
مصدر التصنيف او مخطط الترفيف Dewey Decimal Classification
Koha [default] item type كتاب
260 ## - PUBLICATION, DISTRIBUTION, ETC. (IMPRINT)
-- القاهرة :
-- دار البيان للتاليف والنشر والترجمة ،
Holdings
حالة التراجع حالة الفقد حالة تلف ليس للاعارة المكان المؤقت الموقع الحالى تاريخ الاكتساب اجمالي اﻻعارات رقم الطلب الباركود تاريخ اخر مشاهدة تاريخ تفعيل السعر نوع وعاء كوها
        مكتبة القاهرة الكبرى مكتبة القاهرة الكبرى 03/26/2014   214\م ش 12362 03/26/2014 03/26/2014 كتاب

Powered By

EGPV